000 00437nam a2200145Ia 4500
008 230312s9999||||xx |||||||||||||| ||und||
020 _a9781118024546
082 _a771.37
_bWIG-E
100 _aWeber,Craig
245 0 _aConversational capacity : the secret to building successful teams that perform when the pressure is on
260 _bWiley
_aCanada
_c2011
300 _a329
650 _aComputer
_vPhotography Exposure
942 _cBK
999 _c17978
_d17978